000 00657nam a2200181 a 4500
001 000976754
003 AM-YeHGA
005 20250617150145.0
008 130729s1974 ru r 000 0 rus d
040 _aAM-YeHGA
041 0 _arus
245 0 0 _aПолитические партии :
_bСправочник /
_cПод общ. ред. Е. И. Кускова.
260 _aМосква :
_bПолитиздат,
_c1974.
300 _a360 с.
653 0 _aПолитические партии - История создания партий - Справочники
700 1 _aКусков, Елизар Ильич
_eред.
_4edt
090 _c327277
999 _c325531
_d325531